| 000 | 01328nam a22002777a 4500 | ||
|---|---|---|---|
| 003 | OSt | ||
| 005 | 20210414181033.0 | ||
| 008 | 210414s2001 enkao||fr|||| 00| 0beng d | ||
| 020 | _a9780582461659 | ||
| 040 |
_aCO-JMCR _cCO-JMCR |
||
| 041 | 0 | _aeng | |
| 082 | 0 | 4 |
_a323.168 / _bD318n _223 |
| 100 | 1 |
_aDegnan-Veness, Coleen, _eautora _936860 |
|
| 245 | 1 | 0 |
_aNelson Mandela / _cColeen Degnan-Veness |
| 250 | _aFirst published | ||
| 260 |
_aHarlow, _bPearson Education, _c2001 |
||
| 300 |
_a24 páginas : _bilustraciones y fotografías a blanco y negro ; _c20 cm. |
||
| 490 | 0 |
_aPenguin Reader _vLevel 2 |
|
| 505 | 0 | _aFrom Country boy to city lawyer -- The freedom fighter -- Treason trial and a new wife -- Time for violence -- Life in prison -- Freedom -- President Mandela | |
| 520 | 3 | _aLa vida de Nelson Mandela es la historia de un chico de campo y su lucha por los negros de Sudáfrica. La extraordinaria historia de un gran hombre, un luchador por la libertad y uno de los líderes más importantes del mundo. | |
| 600 |
_aMandela, Nelson, _xLiteratura juvenil _y1918-2013 _936861 |
||
| 650 | 1 | 4 |
_aLibros de vocabulario de alto interés y bajo _936862 |
| 650 | 2 | 4 |
_aCongreso Nacional Africano _xLiteratura juvenil _zSudáfrica _936863 |
| 650 | 2 | 4 |
_aPresidentes _xLiteratura juvenil _zSudáfrica _936864 |
| 942 |
_2ddc _cBK |
||
| 999 |
_c15545 _d15545 |
||